Statistics for 旧国名を名称に含む市

Click here to take the quiz!

General Stats

  • This quiz has been taken 97 times
  • The average score is 40 of 64

Answer Stats

% Correct
伊豆市
89%
土佐市
83%
武蔵村山市
83%
阿波市
82%
越前市
82%
伊勢市
80%
さぬき市
78%
伊予市
78%
備前市
77%
美濃市
75%
甲斐市
75%
武蔵野市
75%
相模原市
75%
飛騨市
74%
加賀市
74%
丹波市
72%
摂津市
72%
常陸太田市
72%
陸前高田市
72%
むつ市
72%
日向市
72%
安芸高田市
71%
伊豆の国市
71%
志摩市
71%
土佐清水市
68%
豊後高田市
68%
豊後大野市
68%
近江八幡市
68%
丹波篠山市
68%
和泉市
68%
薩摩川内市
66%
出雲市
66%
南さつま市
66%
京丹後市
65%
常陸大宮市
65%
美濃加茂市
65%
いわき市
63%
大和郡山市
63%
大和高田市
63%
尾張旭市
62%
河内長野市
62%
東近江市
60%
豊前市
60%
石狩市
58%
下野市
58%
筑後市
58%
泉大津市
57%
伊賀市
55%
長門市
55%
泉佐野市
55%
ひたちなか市
54%
釧路市
52%
根室市
49%
対馬市
49%
壱岐市
48%
佐渡市
46%
南あわじ市
45%
淡路市
45%
美作市
43%
北見市
42%
泉南市
34%
筑紫野市
28%
伊勢原市
15%
伊勢崎市
12%

Score Distribution

Percentile by Number Answered

Percent of People with Each Score

Your Score History

You have not taken this quiz